中国地级行政区政府/行署所在县级行政区 Counties of the governments of Prefectures - Statistics

General Stats
  • This quiz has been taken 50 times
  • The average score is 112 of 333
Answer Stats
省级行政区 地级行政区 县级行政区 % Correct
直辖市 北京市 通州区
86%
重庆市 渝中区
76%
上海市 黄浦区
73%
广东省 广州市 越秀区
68%
天津市 河西区
62%
苏州市 姑苏区
62%
青岛市 市南区
62%
安徽省 合肥市 蜀山区
59%
福建省 福州市 鼓楼区
59%
甘肃省 兰州市 城关区
59%
深圳市 福田区
59%
珠海市 香洲区
57%
河南省 郑州市 中原区
57%
恩施土家族苗族自治州 恩施市
57%
连云港市 海州区
57%
山东省 济南市 历下区
57%
陕西省 西安市 未央区
57%
芜湖市 鸠江区
54%
厦门市 思明区
54%
黔东南苗族侗族自治州 凯里市
54%
常州市 新北区
54%
辽宁省 沈阳市 浑南区
54%
甘孜藏族自治州 康定市
54%
佛山市 禅城区
51%
延边朝鲜族自治州 延吉市
51%
江苏省 南京市 玄武区
51%
镇江市 润州区
51%
泰安市 泰山区
51%
四川省 成都市 武侯区
51%
嘉兴市 南湖区
51%
惠州市 惠城区
49%
汕尾市 城区
49%
清远市 清城区
49%
黔西南布依族苗族自治州 兴义市
49%
黔南布依族苗族自治州 都匀市
49%
大兴安岭地区 加格达奇区
49%
湖北省 武汉市 江岸区
49%
荆州市 沙市区
49%
岳阳市 岳阳楼区
49%
湘西土家族苗族自治州 吉首市
49%
徐州市 云龙区
49%
淮安市 淮安区
49%
扬州市 邗江区
49%
阿拉善盟 阿拉善左旗
49%
菏泽市 牡丹区
49%
凉山彝族自治州 西昌市
49%
浙江省 杭州市 上城区
49%
宁波市 鄞州区
49%
温州市 鹿城区
49%
马鞍山市 雨山区
46%
黄山市 屯溪区
46%
宣城市 宣州区
46%
临夏回族自治州 临夏市
46%
河源市 源城区
46%
云浮市 云城区
46%
广西壮族自治区 南宁市 青秀区
46%
三沙市 西沙区
46%
湖南省 长沙市 岳麓区
46%
南通市 崇川区
46%
宿迁市 宿城区
46%
江西省 南昌市 红谷滩区
46%
玉树藏族自治州 玉树市
46%
东营市 东营区
46%
烟台市 莱山区
46%
威海市 环翠区
46%
日照市 东港区
46%
德州市 德城区
46%
聊城市 东昌府区
46%
阿坝藏族羌族自治州 马尔康市
46%
昌吉回族自治州 昌吉市
46%
大理白族自治州 大理市
46%
迪庆藏族自治州 香格里拉市
46%
金华市 婺城区
46%
铜陵市 铜官区
43%
三明市 三元区
43%
宁德市 蕉城区
43%
洛阳市 洛龙区
43%
盐城市 盐都区
43%
大连市 西岗区
43%
呼伦贝尔市 海拉尔区
43%
海西蒙古族藏族自治州 德令哈市
43%
淄博市 张店区
43%
滨州市 滨城区
43%
临沂市 兰山区
43%
阳泉市 城区
43%
晋中市 榆次区
43%
西藏自治区 拉萨市 城关区
43%
塔城地区 塔城市
43%
阿克苏地区 阿克苏市
43%
和田地区 和田市
43%
楚雄彝族自治州 楚雄市
43%
文山壮族苗族自治州 文山市
43%
西双版纳傣族自治州 景洪市
43%
衢州市 衢江区
43%
丽水市 莲都区
43%
蚌埠市 蚌山区
41%
阜阳市 颍州区
41%
池州市 贵池区
41%
亳州市 谯城区
41%
三亚市 吉阳区
41%
唐山市 路北区
41%
黑河市 爱辉区
41%
兴安盟 乌兰浩特市
41%
通辽市 科尔沁区
41%
锡林郭勒盟 锡林浩特市
41%
枣庄市 薛城区
41%
济宁市 任城区
41%
山西省 太原市 杏花岭区
41%
雅安市 雨城区
41%
伊犁哈萨克自治州 伊宁市
41%
阿勒泰地区 阿勒泰市
41%
巴音郭楞蒙古自治州 库尔勒市
41%
喀什地区 喀什市
41%
怒江傈僳族自治州 泸水市
41%
宿州市 埇桥区
38%
莆田市 城厢区
38%
泉州市 丰泽区
38%
白银市 白银区
38%
酒泉市 肃州区
38%
张掖市 甘州区
38%
茂名市 茂南区
38%
阳江市 江城区
38%
毕节市 七星关区
38%
襄阳市 襄城区
38%
鄂州市 鄂城区
38%
黄冈市 黄州区
38%
常德市 武陵区
38%
无锡市 滨湖区
38%
赣州市 章贡区
38%
海北藏族自治州 海晏县
38%
潍坊市 奎文区
38%
运城市 盐湖区
38%
云南省 昆明市 呈贡区
38%
红河哈尼族彝族自治州 蒙自市
38%
绍兴市 越城区
38%
舟山市 定海区
38%
漳州市 芗城区
35%
武威市 凉州区
35%
平凉市 崆峒区
35%
甘南藏族自治州 合作市
35%
肇庆市 端州区
35%
梅州市 梅江区
35%
秦皇岛市 海港区
35%
张家口市 桥东区
35%
沧州市 运河区
35%
开封市 鼓楼区
35%
许昌市 魏都区
35%
随州市 曾都区
35%
娄底市 娄星区
35%
泰州市 海陵区
35%
九江市 浔阳区
35%
鞍山市 铁东区
35%
乌兰察布市 集宁区
35%
海南藏族自治州 共和县
35%
攀枝花市 东区
35%
德宏傣族景颇族自治州 芒市
35%
湖州市 吴兴区
35%
台州市 椒江区
35%
淮南市 田家庵区
32%
六安市 金安区
32%
南平市 建阳区
32%
湛江市 赤坎区
32%
江门市 蓬江区
32%
海南省 海口市 秀英区
32%
河北省 石家庄市 长安区
32%
保定市 竞秀区
32%
衡水市 桃城区
32%
黑龙江省 哈尔滨市 松北区
32%
孝感市 孝南区
32%
四平市 铁西区
32%
宜春市 袁州区
32%
新余市 渝水区
32%
青海省 西宁市 城中区
32%
黄南藏族自治州 同仁市
32%
果洛藏族自治州 玛沁县
32%
咸阳市 秦都区
32%
榆林市 榆阳区
32%
自贡市 自流井区
32%
阿里地区 噶尔县
32%
克拉玛依市 克拉玛依区
32%
克孜勒苏柯尔克孜自治州 阿图什市
32%
天水市 秦州区
30%
柳州市 城中区
30%
桂林市 临桂区
30%
防城港市 港口区
30%
贵州省 贵阳市 观山湖区
30%
廊坊市 广阳区
30%
驻马店市 驿城区
30%
鸡西市 鸡冠区
30%
永州市 冷水滩区
30%
白城市 洮北区
30%
内蒙古自治区 呼和浩特市 新城区
30%
乌海市 海勃湾区
30%
宁夏回族自治区 银川市 金凤区
30%
固原市 原州区
30%
中卫市 沙坡头区
30%
长治市 潞州区
30%
晋城市 城区
30%
渭南市 临渭区
30%
眉山市 东坡区
30%
新疆维吾尔自治区 乌鲁木齐市 水磨沟区
30%
博尔塔拉蒙古自治州 博乐市
30%
昭通市 昭阳区
30%
玉溪市 红塔区
30%
普洱市 思茅区
30%
安庆市 宜秀区
27%
滁州市 南谯区
27%
金昌市 金川区
27%
汕头市 金平区
27%
潮州市 湘桥区
27%
揭阳市 榕城区
27%
崇左市 江州区
27%
河池市 宜州区
27%
邢台市 襄都区
27%
南阳市 卧龙区
27%
齐齐哈尔市 建华区
27%
伊春市 伊美区
27%
绥化市 北林区
27%
怀化市 鹤城区
27%
吉安市 吉州区
27%
上饶市 信州区
27%
抚顺市 顺城区
27%
丹东市 振兴区
27%
铁岭市 铁岭县
27%
鄂尔多斯市 康巴什区
27%
巴彦淖尔市 临河区
27%
石嘴山市 大武口区
27%
吴忠市 利通区
27%
忻州市 忻府区
27%
延安市 宝塔区
27%
内江市 市中区
27%
乐山市 市中区
27%
那曲市 色尼区
27%
林芝市 巴宜区
27%
丽江市 古城区
27%
陇南市 武都区
24%
贺州市 八步区
24%
百色市 右江区
24%
钦州市 钦北区
24%
六盘水市 钟山区
24%
铜仁市 碧江区
24%
邯郸市 丛台区
24%
承德市 双桥区
24%
漯河市 郾城区
24%
牡丹江市 东安区
24%
十堰市 茅箭区
24%
荆门市 东宝区
24%
衡阳市 蒸湘区
24%
邵阳市 大祥区
24%
抚州市 临川区
24%
包头市 九原区
24%
海东市 乐都区
24%
吕梁市 离石区
24%
铜川市 耀州区
24%
商洛市 商州区
24%
绵阳市 涪城区
24%
德阳市 旌阳区
24%
广安市 广安区
24%
哈密市 伊州区
24%
曲靖市 麒麟区
24%
淮北市 相山区
22%
韶关市 浈江区
22%
北海市 海城区
22%
平顶山市 新华区
22%
濮阳市 华龙区
22%
周口市 川汇区
22%
佳木斯市 郊区
22%
大庆市 萨尔图区
22%
宜昌市 西陵区
22%
咸宁市 咸安区
22%
吉林省 长春市 南关区
22%
阜新市 细河区
22%
朔州市 朔城区
22%
临汾市 尧都区
22%
日喀则市 桑珠孜区
22%
龙岩市 新罗区
19%
来宾市 兴宾区
19%
新乡市 红旗区
19%
信阳市 平桥区
19%
鹤岗市 向阳区
19%
株洲市 天元区
19%
湘潭市 岳塘区
19%
张家界市 永定区
19%
益阳市 赫山区
19%
郴州市 北湖区
19%
白山市 浑江区
19%
景德镇市 昌江区
19%
营口市 西市区
19%
辽阳市 文圣区
19%
盘锦市 大洼区
19%
赤峰市 松山区
19%
汉中市 汉台区
19%
安康市 汉滨区
19%
宜宾市 叙州区
19%
南充市 顺庆区
19%
达州市 通川区
19%
昌都市 卡若区
19%
吐鲁番市 高昌区
19%
临沧市 临翔区
19%
定西市 安定区
16%
庆阳市 西峰区
16%
梧州市 长洲区
16%
贵港市 港北区
16%
遵义市 汇川区
16%
焦作市 解放区
16%
三门峡市 湖滨区
16%
商丘市 睢阳区
16%
黄石市 下陆区
16%
吉林市 船营区
16%
松原市 宁江区
16%
鹰潭市 月湖区
16%
锦州市 太和区
16%
朝阳市 双塔区
16%
泸州市 江阳区
16%
遂宁市 船山区
16%
资阳市 雁江区
16%
巴中市 巴州区
16%
玉林市 玉州区
14%
安阳市 文峰区
14%
鹤壁市 淇滨区
14%
双鸭山市 尖山区
14%
大同市 平城区
14%
广元市 利州区
14%
安顺市 西秀区
11%
通化市 东昌区
11%
萍乡市 安源区
11%
本溪市 平山区
11%
葫芦岛市 龙港区
11%
山南市 乃东区
11%
保山市 隆阳区
11%
七台河市 桃山区
8%
宝鸡市 金台区
8%
辽源市 龙山区
5%
No matching quizzes found
Score Distribution
Percent of People with Each Score
Percentile by Number Answered
Your Score History
You have not taken this quiz